000 00819nam a2200217 i 4500
001 63127
003 ES-MaACL
005 20260520192921.0
007 t|
008 031128s1952 sp ||||1| spa d
040 _cES-MaACL
100 1 _aFernández-Rúa, José Luis,
_d1916-2002
_950048
_eaut
245 1 0 _aHistoria de la gente de trueno:
_b(astutos, bellacos y bergantes) /
_cJosé Luis Fernández-Rúa.
260 _aMadrid :
_bColenda,
_c[1952] (
_fSelecciones Gráficas)
300 _a396 páginas ;
_c18 cm.
852 _aES-MaACL
_jD-8178
_bR.32725
_965517
_cSVI
_xEncuadernación rústica
852 _aES-MaACL
_jDB-186
_9207317
_cDES
_xEncuadernación rústica
_hDonación: J. Porto
_zFirma de J. Porto
942 _cMONANT
_n0
999 _c63127
_d63127